| 000 | 01165nam a2200241Ia 4500 | ||
|---|---|---|---|
| 999 |
_c40532 _d40532 |
||
| 001 | 7143 | ||
| 003 | GE_BSU | ||
| 005 | 20231024160111.0 | ||
| 008 | 181216s2010||||ge |||||||||||||| ||geo|| | ||
| 020 | _a9789941152429 | ||
| 040 | _cGE_BSU | ||
| 041 | _ageo | ||
| 080 | _a94(479.22)''/05''+355.48(479.22) გ-19 | ||
| 100 |
_aგამყრელიძე, გელა _920220 |
||
| 245 |
_aომი და შეიარაღება იბერია-კოლხეთში / _cგელა გამყრელიძე ; [რედ. თამაზ ბერაძე ; მხატვ.-არქიტექტ. : ინ. ესვანჯია, ლ. ფავლენიშვილი, ელ. სახვაძე]. |
||
| 250 | _a1-ლი გამოცემა | ||
| 264 |
_aთბილისი : _bბაკურ სულაკაურის გამ-ბა, _c2010. |
||
| 300 |
_a214 გვ. : _bნახ. ; _c20 სმ. |
||
| 504 | _aბიბლიოგრ. გვ. :196-205 | ||
| 541 | _h20ლ. | ||
| 653 | _aომი და შეიარაღება იბერია-კოლხეთში | ||
| 942 |
_cBK _2udc |
||